00377nam a22001217a 450000500170000002000230001703500130004003700130005310000210006624500990008726000450018630000240023120120418120727.0 a0195678125c450.00 aB-228146 aDPLbENG aMacfarlane, Iris aDaughters of the empire :bA memoir of life and times in the British Raj /cby Iris Macfarlane aNew DelhibOxford University Pressc2006 axvi, 165p.c20 cms.